Hot in the Answers - Statistics

General Stats
  • This quiz has been taken 59,903 times
    6,515 since last reset
  • The average score is 13 of 18
Answer Stats
Clue Answer % Correct
Color associated with Barbie Hot pink
94%
Drink with marshmallows, sometimes Hot chocolate
92%
Frankfurter Hot dog
90%
One who loses their temper easily Hothead
90%
The first flight of one of these happened in Paris, 1783 Hot air balloon
83%
Geothermal pool Hot springs
83%
Matchbox cars alternative Hot Wheels
82%
To start a car without a key Hotwire
78%
Menopause indicator Hot flash
77%
Drag-racing car Hot rod
71%
Extremely short shorts Hotpants
68%
Song by Drake: "_______ Bling" Hotline
61%
Tennessee Williams play: "Cat on a ___ ___ ____" Hot Tin Roof
61%
Communal dish which the Swiss call "Chinese fondue" Hot pot
54%
"Educational" song by Van Halen Hot for Teacher
53%
2007 police spoof starring Simon Pegg and Nick Frost Hot Fuzz
53%
Movie starring Marilyn Monroe Some Like it Hot
50%
Women are advised to avoid them in the first trimester of pregnancy Hot tub
42%
No matching quizzes found
Score Distribution
Percent of People with Each Score
Percentile by Number Answered
Your Score History
You have not taken this quiz since the last reset